[Event "GER-chT Lands U20"]
[Site "Wuerzburg"]
[Date "2019.10.02"]
[Round "1.5"]
[White "Braeutigam, Katerina"]
[Black "Ruhmke, Rebecca"]
[Result "1-0"]
[WhiteElo "1778"]
[BlackElo "1404"]
[PlyCount "49"]
[EventDate "2019.10.01"]
[EventType "team-swiss"]
[EventRounds "7"]
[EventCountry "GER"]
[SourceTitle "EXT 2020"]
[Source "ChessBase"]
[SourceDate "2019.10.17"]
[SourceVersion "1"]
[SourceVersionDate "2019.10.17"]
[SourceQuality "1"]
[WhiteTeam "Schleswig Holstein"]
[BlackTeam "Hamburg/Schleswig Holstein"]
[WhiteTeamCountry "GER"]
[BlackTeamCountry "GER"]

1. c4 e5 2. g3 Nc6 3. Bg2 Nge7 4. Nc3 d6 5. e3 Be6 6. b3 Qd7 7. d4 Bf5 8. d5 Nb4 9. e4 Bg6 10. Nge2 f5 11. a3 Na6 12. Bh3 0-0-0 13. Qc2 h6 14. Nd1 Nc5 15. f3 Bh7 16. b4 Na6 17. c5 Kb8 18. Ne3 g6 19. c6 Qc8 20. Nc4 Bg7 21. Na5 bxc6 22. dxc6 Qe6 23. Qd3 Nxb4 24. Qb5+ Ka8 25. Qb7# 1-0

[Event "Youth District Germany"]
[Site "Wuerzburg"]
[Date "2018.10.03"]
[Round "1.7"]
[White "Bashylina, Luisa"]
[Black "Ruhmke, Rebecca"]
[Result "1-0"]
[WhiteElo "1837"]
[BlackElo "1399"]
[PlyCount "86"]
[EventDate "2018.10.02"]
[EventType "team-swiss"]
[EventRounds "7"]
[EventCountry "GER"]
[SourceTitle "CBM 186 Extra"]
[Source "ChessBase"]
[SourceDate "2018.08.24"]
[SourceVersion "1"]
[SourceVersionDate "2018.08.24"]
[SourceQuality "1"]
[WhiteTeam "Nordrhein Westfalen U20"]
[BlackTeam "Hamburg U20"]
[WhiteTeamCountry "GER"]
[BlackTeamCountry "GER"]

1. e4 d5 2. exd5 Nf6 3. Nc3 Nxd5 4. Bc4 Nb6 5. Be2 Nc6 6. Nf3 e5 7. d3 Bd6 8. Be3 0-0 9. 0-0 Bf5 10. a4 Re8 11. Nd2 Qf6 12. a5 Nd7 13. Nc4 Nd4 14. Bf3 c6 15. Be4 Bc5 16. Qd2 Qg6 17. Kh1 Rad8 18. Rfe1 a6 19. Bxf5 Nxf5 20. Bxc5 Nxc5 21. Nxe5 Qf6 22. Nf3 Re6 23. Rxe6 Nxe6 24. Ne4 Qxb2 25. Re1 Nfd4 26. Nxd4 Qxd4 27. f3 h6 28. Rb1 Rd5 29. g3 Rb5 30. Rxb5 cxb5 31. Kg2 Qa4 32. Nd6 Nc5 33. Qc3 Ne6 34. Nxb7 Nd4 35. Nc5 Qxc2+ 36. Qxc2 Nxc2 37. Nxa6 b4 38. Nc5 Nd4 39. a6 Nb5 40. Kf2 Kf8 41. Ke3 Ke7 42. Nb3 Ke6 43. Nd4+ Kd5 1-0

[Event "GER-ch U14 Girls"]
[Site "Willingen"]
[Date "2017.06.10"]
[Round "9"]
[White "Ruhmke, Rebecca"]
[Black "Pavlov, Liliane"]
[Result "0-1"]
[WhiteElo "1127"]
[BlackElo "1478"]
[PlyCount "59"]
[EventDate "2017.06.04"]
[EventType "swiss"]
[EventRounds "9"]
[EventCountry "GER"]
[SourceTitle "CBM 178 Extra"]
[Source "ChessBase"]
[SourceDate "2017.06.22"]
[SourceVersion "1"]
[SourceVersionDate "2017.06.22"]
[SourceQuality "1"]

1. e4 d5 2. exd5 Nf6 3. d4 Nxd5 4. c4 Nb6 5. Nf3 g6 6. a4 a5 7. Be2 Bg7 8. 0-0 0-0 9. Be3 Nc6 10. Nc3 Bg4 11. d5 Bxf3 12. Bxf3 Ne5 13. Bxb6 cxb6 14. Be2 Rc8 15. b3 Nxc4 16. bxc4 Bxc3 17. Rb1 Bb4 18. Qd4 Bc5 19. Qh4 Re8 20. Bg4 e6 21. Qh6 Bf8 22. Qe3 exd5 23. Qxb6 Qxb6 24. Rxb6 Rxc4 25. Rxb7 Rxg4 26. Rb5 Rxa4 27. Rxd5 Ra8 28. g3 Ra2 29. Rc1 a4 30. Rcc5 0-1